000 01432nam a2200361 c 4500
003 BLK
005 20250620084240.0
008 180410b bul|||||r ||||||| ||bul||
010 _aKNG00168739000
020 _a978-954-771-334-5
_bиздат.: Кръгозор
040 _aBLK
041 _aBUL
_cBUL
072 7 _2bullib
_aН83
_xЧужда художествена литература Н
080 _aИрландска литература (на Ейре) на английски език (вж и 821.152.1)
_b821.111(417)
_x-31
_z821.111(417)-31
100 1 _aХил, Мелиса
_eпърви автор
_9325745
700 1 _aВиронова, Татяна Атанасова
_9363387
139 _aХил, Мелиса
_bХ 49
245 1 0 _aСписъкът с гости
_bРоман
_cМелиса Хил; прев. от англ. Татяна Атанасова Виронова.
257 _aIRL
260 София
_bКръгозор
_c2014
_fСофия : Експертпринт
300 _a280 с.
_c21 см
380 _aX
500 _aОриг. загл. The Guest List / Melissa Hill.
653 _aчиклит
653 _aромани
659 _aН
852 _aЦб 271937
856 4 _qpdf
_u
856 4 _qpdf
_u
942 _cKNG
_n0
_022
944 _aCR
_c13.12.2014
_lМинев Младен
_k30530
944 _aED
_c19.10.2015
_lф /
_kПенка_Димитрова
999 _c161425
_d161425